LIBRARY & INFORMATION CENTRE, KCAET, TAVANUR

ONLINE PUBLIC ACCESS CATALOGUE (OPAC)

Ajathashathru / (Record no. 12326)

MARC details
000 -LEADER
fixed length control field 00458cam a2200193ua 4500
041 ## - LANGUAGE CODE
Language code of text/sound track or separate title hin
082 ## - DEWEY DECIMAL CLASSIFICATION NUMBER
Classification number 891.54
Item number JAY/AJ
100 ## - MAIN ENTRY--AUTHOR NAME
Personal name Jayashankar, Prasad .
245 ## - TITLE STATEMENT
Title Ajathashathru /
250 ## - EDITION STATEMENT
Edition statement 20 /
260 ## - PUBLICATION, DISTRIBUTION, ETC. (IMPRINT)
Place of publication :
Name of publisher Bharati Bhandar ,
Year of publication 1961.
300 ## - PHYSICAL DESCRIPTION
Number of Pages 137 ; .
Holdings
Withdrawn status Lost status Damaged status Home library Current library Date acquired Full call number Accession Number Koha item type Public note
Withdrawn     KAUAET Sanskrit University 07/04/2012 891.54 4938 Books Transferred to Sanskrit University
Withdrawn     KAUAET Sanskrit University 07/04/2012 891.54 4937 Books Transferred to Sanskrit University
free website counter